<?xml version="1.0" encoding="UTF-8"?>
<record
    xmlns:xsi="http://www.w3.org/2001/XMLSchema-instance"
    xsi:schemaLocation="http://www.loc.gov/MARC21/slim http://www.loc.gov/standards/marcxml/schema/MARC21slim.xsd"
    xmlns="http://www.loc.gov/MARC21/slim">

  <leader>00735nam a22002057a 4500</leader>
  <controlfield tag="005">20251220094102.0</controlfield>
  <controlfield tag="008">251219b        |||||||| |||| 00| 0 eng d</controlfield>
  <datafield tag="040" ind1=" " ind2=" ">
    <subfield code="c">AL</subfield>
  </datafield>
  <datafield tag="041" ind1=" " ind2=" ">
    <subfield code="a">Konkani/Devanagari</subfield>
  </datafield>
  <datafield tag="082" ind1=" " ind2=" ">
    <subfield code="a">891.464</subfield>
    <subfield code="b">DCUM</subfield>
  </datafield>
  <datafield tag="100" ind1=" " ind2=" ">
    <subfield code="a">Raymond Dcunha Takode</subfield>
    <subfield code="9">249626</subfield>
  </datafield>
  <datafield tag="100" ind1=" " ind2=" ">
    <subfield code="a">&#xCB0;&#xCC7;&#xCAE;&#xC82;&#xCA1;&#xCCD; &#xCA1;&#xCBF;&#xC95;&#xCC1;&#xCA8;&#xCCD;&#xCB9;&#xCBE; &#xCA4;&#xCBE;&#xC95;&#xCCA;&#xCA1;&#xCC6; </subfield>
    <subfield code="9">249627</subfield>
  </datafield>
  <datafield tag="245" ind1=" " ind2=" ">
    <subfield code="a">Madhyam : kaal aani aaj</subfield>
    <subfield code="b">: &#xCAE;&#xCBE;&#xCA7;&#xCCD;&#xCAF;&#xCAE;&#xCCD; &#xC95;&#xCBE;&#xCB2;&#xCCD; &#xC86;&#xCA8;&#xCBF; &#xC86;&#xC9C;&#xCCD; </subfield>
  </datafield>
  <datafield tag="260" ind1=" " ind2=" ">
    <subfield code="a">Manglur</subfield>
    <subfield code="b">Karnataka Konkani Sahitya Akademi</subfield>
    <subfield code="c">2019</subfield>
  </datafield>
  <datafield tag="300" ind1=" " ind2=" ">
    <subfield code="a">vi,38p</subfield>
    <subfield code="b">PB</subfield>
    <subfield code="c">18x12cm</subfield>
  </datafield>
  <datafield tag="365" ind1=" " ind2=" ">
    <subfield code="2">Konkani</subfield>
    <subfield code="a">018</subfield>
    <subfield code="b">&#x20B9;21.00</subfield>
    <subfield code="c">&#x20B9;</subfield>
    <subfield code="d">&#x20B9;21.00</subfield>
    <subfield code="e">0</subfield>
    <subfield code="f">04-12-2025</subfield>
  </datafield>
  <datafield tag="650" ind1=" " ind2=" ">
    <subfield code="a">Konkani Miscellaneous</subfield>
    <subfield code="9">249521</subfield>
  </datafield>
  <datafield tag="650" ind1=" " ind2=" ">
    <subfield code="a">Taccode Takode</subfield>
    <subfield code="9">249575</subfield>
  </datafield>
  <datafield tag="942" ind1=" " ind2=" ">
    <subfield code="2">ddc</subfield>
    <subfield code="c">BK</subfield>
  </datafield>
  <datafield tag="999" ind1=" " ind2=" ">
    <subfield code="c">240732</subfield>
    <subfield code="d">240732</subfield>
  </datafield>
  <datafield tag="952" ind1=" " ind2=" ">
    <subfield code="0">0</subfield>
    <subfield code="1">0</subfield>
    <subfield code="2">ddc</subfield>
    <subfield code="4">0</subfield>
    <subfield code="7">0</subfield>
    <subfield code="8">KON</subfield>
    <subfield code="a">AL</subfield>
    <subfield code="b">AL</subfield>
    <subfield code="c">SK</subfield>
    <subfield code="d">2025-12-12</subfield>
    <subfield code="e">Raymond Dcunha, Bishops House, Mangaluru-575003</subfield>
    <subfield code="g">21.00</subfield>
    <subfield code="l">0</subfield>
    <subfield code="o">891.464 DCUM</subfield>
    <subfield code="p">078004</subfield>
    <subfield code="r">2025-12-19 10:33:51</subfield>
    <subfield code="v">21.00</subfield>
    <subfield code="w">2025-12-04</subfield>
    <subfield code="y">BK</subfield>
  </datafield>
</record>
